| 000 | 02016nam a2200529 i 4500 | ||
|---|---|---|---|
| 001 | 6070 | ||
| 003 | KOSZ 005 | ||
| 005 | 20200622123504.0 | ||
| 008 | 200403s1972 pl a f f 000 0 pol | ||
| 015 | _aPB 1973/3239 | ||
| 040 |
_aWA N _cWA N _dKOSZ 005/RW |
||
| 046 | _k1972 | ||
| 080 | _a621.01 | ||
| 080 | _a(075.8+076) | ||
| 245 | 0 | 0 |
_aZbiór zadań z części maszyn : _bpraca zbiorowa / _cpod redakcją Witolda Korewy ; [autorzy L. Biedrzycki et al.]. |
| 260 |
_aWarszawa : _bPaństwowe Wydawnictwo Naukowe, _c1972. |
||
| 300 |
_a264 strony, [19] kart tablic : _bilustracje ; _c24 cm. |
||
| 336 |
_aTekst _btxt _2rdacontent |
||
| 337 |
_aBez urządzenia pośredniczącego _bn _2rdamedia |
||
| 338 |
_aWolumin _bnc _2rdacarrier |
||
| 380 | _aKsiążki | ||
| 380 | _aPublikacje dydaktyczne | ||
| 388 | _a1901-2000 | ||
| 388 | _a1945-1989 | ||
| 521 | 8 | _aSkrypt dla studentów wyższych szkół technicznych. | |
| 650 | 7 | _aMaszyny | |
| 650 | 7 | _aCzęści maszyn | |
| 650 | 7 | _aBudowa i konstrukcje | |
| 655 | 7 | _aĆwiczenia i zadania dla szkół wyższych | |
| 655 | 7 | _aPraca zbiorowa | |
| 658 | _aInżynieria i technika | ||
| 700 | 1 |
_aKorewa, Witold _d(1899-1976) _eRedakcja |
|
| 700 | 1 |
_aBiedrzycki, Lech _eAutor |
|
| 700 | 1 |
_aBorczyk, Lech _eAutor |
|
| 700 | 1 |
_aBorowicz, Jerzy _c(konstrukcja maszyn) _d(1915-1997) _eAutor |
|
| 700 | 1 |
_aĆwirko, S. _eAutor |
|
| 700 | 1 |
_aDjakow, Jerzy _eAutor |
|
| 700 | 1 |
_aKaczmarczyk, Leszek _c(mechanika) _eAutor |
|
| 700 | 1 |
_aKaniewski, Wiesław _d(1931-2019) _eAutor |
|
| 700 | 1 |
_aKropiwnicki, Stanisław _eAutor |
|
| 700 | 1 |
_aMaciejowski, Jerzy _eAutor |
|
| 700 | 1 |
_aOrmezowski, Włodzimierz _eAutor |
|
| 700 | 1 |
_aZięba, Kazimierz _eAutor |
|
| 710 | 2 |
_aPaństwowe Wydawnictwo Naukowe _4pbl |
|
| 856 |
_uhttp://koha.tu.koszalin.pl/cgi-bin/koha/opac-detail.pl?biblionumber=6070 _yKatalog online BPK |
||
| 942 |
_2UKD _cKS |
||
| 999 |
_c6070 _d6070 |
||